Motorola RIZR Z3

Bibliographic Details
Main Author: Orgonáš, Jozef (Author)
Format: Article
Language:Slovak
PhysicalDescription:Fotogr.
ISSN:1336-5754
Subjects:

MARC

LEADER 00000nab a2200000 ar4500
001 vtls008963991
003 SK-MaSNL
005 20260303175125.0
008 070413c2007 xo |||||||||||000 b|slo
015 |a SNBRB2007/04  |2 snkbucl 
038 |a SNKBUCL 
040 |a SNKBUCL  |b slo  |c SNKBUCL  |e AACR2 
041 0 |a slo 
044 |a xo  |c SK 
080 |a 621.395.721.5  |2 1997 
100 1 |a Orgonáš, Jozef  |4 aut  |9 197663 
245 1 0 |a Motorola RIZR Z3  |c Jozef Orgonáš 
300 |b Fotogr. 
650 0 7 |a Motorola RIZR Z3 (mobilný telefón)  |2 snkbucl  |9 1203320 
650 0 7 |a mobilné telefóny  |2 snkbucl  |9 20365 
773 0 |t DiGi revue  |g Roč. 3, č. 1 (2007), s. 32  |x 1336-5754 
852 |a SNK  |b KIS3GCP 
999 |c 2100413  |d 2102343